Datum a čas kvízu
34
Celkem bodů
Celkový počet nahraných bodů na tomto kvízu bez doplňovacích otázek.
7.
Pořadí na kvízu
Konečné umístění týmu na tomto kvízu.
Zaznamenané odpovědi
| # | Otázka | Odpověď | Body | Výsledky |
|---|---|---|---|---|
| 1. | Odborníci ze Západočeské unive... | sršeň (asijská) | 0 | |
| 2. | Jak se jmenuje nezávislý kandi... | Robert Francis Kennedy Jr. | 1 | |
| 3. | Minulý týden byly rozdány ceny... | David Koller, Pam Rabbit | 1 | |
| 4. | Minulý týden si žena na severu... | s bambulí (od čepice) | 1 | |
| 5. | Kterými slovy na KF se nazývá... | kolem Flander | 1 | |
| 6. | Věříme, že ovládáte velkou pal... | Řecko | 1 | |
| 7. | Kterou měnou se platí na ostro... | dánskou korunou | 1 | |
| 8. | Vyberte zemi, jejíž zkratka ná... | C | 1 | |
| 9. | V Evropské unii žije momentáln... | 1B 2D 3A 4C | 1 | |
| 10. | Caerdydd je alternativní název... | Cardiff | 1 |